| 000 | 00914nam a22002537a 4500 | ||
|---|---|---|---|
| 999 |
_c13326 _d13326 |
||
| 003 | MIRAKIL | ||
| 005 | 20190619155401.0 | ||
| 008 | 190619b tu ||||| |||| 00| 0 tur d | ||
| 020 | _a9789944888097 | ||
| 040 |
_aTR-AnCHP _cTR-AnCHP |
||
| 041 | _atur | ||
| 082 |
_a923.2 _bH29 2011 |
||
| 245 | 1 | 0 |
_aHayatım mücadeleyle geçti : _bKemal Kurdaş kitabı / _csöyleşi: Şengün Kılıç Hristidis. |
| 250 | _a2 bs. | ||
| 260 |
_aİstanbul : _bTürkiye İş Bankası Kültür Yayınları, _c 2011. |
||
| 300 |
_a414 s.: _bfotg.; _c19 sm. |
||
| 490 | 0 |
_aTürkiye İş Bankası Kültür Yayınları ; _vgenel yayın: 1857. |
|
| 504 | _aDizin vardır. | ||
| 600 | 0 |
_95839 _aKurdaş, Mustafa Kemal _d1920-2011 _xYaşamöyküsü |
|
| 600 | 0 |
_95839 _aKurdaş, Mustafa Kemal _d1920-2011 _xAnılar |
|
| 650 | 0 |
_95055 _aSiyasetçiler _xSöyleşiler |
|
| 700 | 1 |
_91494 _aHristidis, Şengün Kılıç |
|
| 942 |
_2ddc _cBKS |
||